Nghiên cứu một số yếu tố ảnh hưởng đến việc khử màu nước thải cảu thuốc nhuộm hoạt tính trong công nghệ dệt nhuộm bằng Fenton
Vài nét sơ lược về ngành công nghệ dệt may Việt Nam. Vài nét sơ lược chung về chất thải của ngành dệt may...Nguyên liệu, hóa chất và phương pháp nghiên cứu. Kết quả và thảo luận.
Đã lưu trong:
| 主要作者: | |
|---|---|
| 其他作者: | |
| 格式: | 图书 |
| 语言: | Vietnamese |
| 出版: |
Đà Nẵng
Đại học Sư phạm
2009
|
| 主题: | |
| 标签: |
添加标签
没有标签, 成为第一个标记此记录!
|
| Thư viện lưu trữ: | Mạng thư viện Đại học Đà Nẵng |
|---|
| LEADER | 01589nam a2200349 4500 | ||
|---|---|---|---|
| 001 | 000012411 | ||
| 003 | 8707 | ||
| 005 | 20120220100226.0 | ||
| 008 | 120220s2009 viesd | ||
| 041 | |a vie | ||
| 072 | |a Khóa luận tốt nghiệp | ||
| 082 | |a 667.36 |b TR-L | ||
| 100 | |a Trần, Ánh Linh |e Tác giả | ||
| 245 | |a Nghiên cứu một số yếu tố ảnh hưởng đến việc khử màu nước thải cảu thuốc nhuộm hoạt tính trong công nghệ dệt nhuộm bằng Fenton |c Trần Ánh Linh | ||
| 260 | |a Đà Nẵng |b Đại học Sư phạm |c 2009 | ||
| 300 | |a 38 tr. |b Hình ảnh |c 29 cm | ||
| 500 | |a Khóa luận tốt nghiệp khoa Hóa. Lớp 05 HH | ||
| 520 | |a Vài nét sơ lược về ngành công nghệ dệt may Việt Nam. Vài nét sơ lược chung về chất thải của ngành dệt may...Nguyên liệu, hóa chất và phương pháp nghiên cứu. Kết quả và thảo luận. | ||
| 653 | |a Khử màu nước thải | ||
| 653 | |a Thuốc nhuộm | ||
| 653 | |a Công nghệ dệt nhuộm | ||
| 700 | |a Nguyễn Thị Hường |c Th.S |e Hướng dẫn | ||
| OWN | |a LSP | ||
| AVA | |a UDN50 |b LSP |d 667.36 TR-L |e available |t Error 5001 Not defined in file expand_doc_bib_avail. |f 1 |g 0 |h N |i 0 |k 1 | ||
| 999 | |a From the UDN01 | ||
| AVA | |a UDN50 |b LSP |d 667.36 TR-L |e available |t Error 5001 Not defined in file expand_doc_bib_avail. |f 1 |g 0 |h N |i 0 |k 1 | ||
| TYP | |a Monograph | ||
| TYP | |a Printed language | ||
| 980 | |a Mạng thư viện Đại học Đà Nẵng | ||